| 000 | 00894nam a2200205Ii 4500 | ||
|---|---|---|---|
| 003 | JO-AjNU | ||
| 008 | 230605s9999||||xx |||||||||||||| ||und|| | ||
| 040 |
_aJO-AjNU _bara _erda _cJO-AjNU |
||
| 041 | _aara | ||
| 050 | 1 | 4 | _aDS248.M4.A4.1983 |
| 100 | 3 |
_aتأليف الازرقي، ابي الوليد محمد بن عبدالله بن احمد ؛ تحقيق رشدي الصالح ملحس, _eauthor _961368 |
|
| 245 | 0 | 0 | _aاخبار مكة وما جاء فيها من الاثار، ج1-2 |
| 250 | _aالطبعة الثالثة | ||
| 264 | 3 | 1 | _aبيروت: دار الاندلس للطباعة والنشر والتوزيع، 1983 |
| 300 |
_a392ص _bيحتوي على فهارس من ص 340-392ص |
||
| 336 |
_atext _btxt _2rdacontent |
||
| 337 |
_aunmediated _bn _2rdamedia |
||
| 338 |
_avolume _bnc _2rdacarrier |
||
| 650 | 4 |
_aالمزارات الاسلامية-مكة- تاريخ _961369 |
|
| 999 |
_aA27736 _c31304 _d31304 |
||